| 000 | 00457nam a2200181Ia 4500 | ||
|---|---|---|---|
| 005 | 20250603145220.0 | ||
| 008 | 250603s9999 xx 000 0 und d | ||
| 020 | _a0-13-135449-4 | ||
| 050 | _aRC 86.7 .B3775/ | ||
| 245 | 0 | _aITLS [International trauma life support for prehospital care providers] | |
| 250 | _asixth edition | ||
| 260 | _aNew Jersey | ||
| 260 | _bPearson | ||
| 260 | _c2008 | ||
| 300 | _a438 p | ||
| 650 | _aNew Jersey | ||
| 942 | _cBK | ||
| 999 |
_c41212 _d41212 |
||